[Event "Dubai op-A 25th"]
[Site "Dubai"]
[Date "2025.06.02"]
[Round "7"]
[White "Balajayeva, Khanim Asad Qizi"]
[Black "Beydullayeva, Govhar"]
[Result "1/2-1/2"]
[WhiteElo "2358"]
[BlackElo "2394"]
[PlyCount "25"]
[EventDate "2025.05.27"]
[EventType "swiss"]
[EventRounds "9"]
[EventCountry "UAE"]
[SourceTitle "CB23_2025"]
[SourceDate "2025.06.04"]
[SourceVersion "1"]
[SourceVersionDate "2025.06.04"]
[SourceQuality "1"]

1. d4 d5 2. c4 c6 3. Nf3 Nf6 4. cxd5 cxd5 5. Nc3 Nc6 6. Bf4 Bf5 7. e3 e6 8. Bd3 Bxd3 9. Qxd3 Bd6 10. Bxd6 Qxd6 11. 0-0 0-0 12. Rac1 Rac8 13. h3 1/2-1/2

[Event "Dubai op-A 25th"]
[Site "Dubai"]
[Date "2025.05.28"]
[Round "2"]
[White "Ayush, Sharma"]
[Black "Beydullayeva, Govhar"]
[Result "1-0"]
[WhiteElo "2478"]
[BlackElo "2394"]
[PlyCount "63"]
[EventDate "2025.05.27"]
[EventType "swiss"]
[EventRounds "9"]
[EventCountry "UAE"]
[SourceTitle "CB23_2025"]
[SourceDate "2025.06.04"]
[SourceVersion "1"]
[SourceVersionDate "2025.06.04"]
[SourceQuality "1"]

1. e4 e5 2. Nf3 Nc6 3. Bb5 a6 4. Ba4 Nf6 5. 0-0 Be7 6. Re1 b5 7. Bb3 0-0 8. c3 d5 9. exd5 Nxd5 10. Nxe5 Nxe5 11. Rxe5 c6 12. Re1 Bd6 13. g3 Bf5 14. d4 Qd7 15. Be3 Rae8 16. Bxd5 cxd5 17. Nd2 Bg4 18. Qb3 Qf5 19. a4 b4 20. cxb4 h5 21. Rac1 h4 22. Rc6 Re6 23. Rxa6 Rfe8 24. Ra5 h3 25. Rxd5 Qf6 26. a5 Bf3 27. Rb5 Bc6 28. Rb6 Bxg3 29. fxg3 Rxe3 30. Rxe3 Qxd4 31. Qd3 Qxd3 32. Rxd3 1-0

[Event "Sharjah Masters-B 8th"]
[Site "Sharjah"]
[Date "2025.05.24"]
[Round "8"]
[White "Davudov, Tunar"]
[Black "Beydullayeva, Govhar"]
[Result "1/2-1/2"]
[WhiteElo "2279"]
[BlackElo "2394"]
[PlyCount "148"]
[EventDate "2025.05.17"]
[EventType "swiss"]
[EventRounds "9"]
[EventCountry "UAE"]
[SourceTitle "CB22_2025"]
[SourceDate "2025.05.28"]
[SourceVersion "1"]
[SourceVersionDate "2025.05.28"]
[SourceQuality "1"]

1. e4 c5 2. Nf3 a6 3. Nc3 b5 4. d4 cxd4 5. Nxd4 e6 6. Bd3 Bb7 7. 0-0 Nc6 8. Nxc6 Bxc6 9. Qe2 Ne7 10. a3 Ng6 11. f4 Bc5+ 12. Kh1 0-0 13. Bd2 f5 14. Be3 Qb6 15. Bxc5 Qxc5 16. exf5 exf5 17. Qf2 Qe7 18. Kg1 Qf6 19. Be2 Be4 20. Rad1 Qc6 21. Rd2 d5 22. Rfd1 Rad8 23. g3 Rf6 24. Bf3 Rfd6 25. Ne2 Nf8 26. Nd4 Qd7 27. c3 h6 28. h3 Nh7 29. Bxe4 fxe4 30. Kh2 h5 31. Nc2 Qf7 32. Ne3 g5 33. f5 Nf6 34. Kg2 Kh7 35. Rd4 Qe7 36. Kf1 Qe5 37. Ke2 Kg7 38. Kd2 Nd7 39. Kc2 Nc5 40. Qe2 Qxg3 41. Nxd5 Qxh3 42. b4 Rxd5 43. Rxd5 Rxd5 44. Rxd5 Qd3+ 45. Qxd3 Nxd3 46. Rd6 Nf4 47. Kd2 h4 48. Ke3 h3 49. Kxe4 h2 50. Rd1 Ne2 51. Kf3 Nxc3 52. Rh1 Kf6 53. Rxh2 Kxf5 54. Rh6 g4+ 55. Kg2 Ke4 56. Rd6 Nb1 57. Rxa6 Kd5 58. Rg6 Kc4 59. Ra6 Nc3 60. Kf2 Kb3 61. Ra5 Na4 62. Rxb5 Kxa3 63. Rb8 Nb2 64. b5 Kb4 65. Ke3 g3 66. b6 Kb5 67. b7 Nc4+ 68. Kd4 Na5 69. Kd5 Kb6 70. Rg8 Nxb7 71. Rxg3 Kc7 72. Rg6 Nd8 73. Rh6 Nb7 74. Rc6+ Kd7 1/2-1/2

[Event "EU-ch (Women) 25th"]
[Site "Rhodes"]
[Date "2025.04.10"]
[Round "10"]
[White "Avramidou, Anastasia"]
[Black "Beydullayeva, Govhar"]
[Result "1/2-1/2"]
[WhiteElo "2275"]
[BlackElo "2400"]
[PlyCount "142"]
[EventDate "2025.03.31"]
[EventType "swiss"]
[EventRounds "11"]
[EventCountry "GRE"]
[SourceTitle "CB16_2025"]
[SourceDate "2025.04.16"]
[SourceVersion "1"]
[SourceVersionDate "2025.04.16"]
[SourceQuality "1"]

1. d4 Nf6 2. c4 e6 3. Nc3 Bb4 4. e3 0-0 5. Bd3 d5 6. a3 Bxc3+ 7. bxc3 dxc4 8. Bxc4 c5 9. Nf3 Qc7 10. Be2 b6 11. Bb2 Bb7 12. 0-0 Nc6 13. c4 Rfd8 14. Qc2 Ne7 15. Ne5 Ng6 16. Nxg6 hxg6 17. Rfd1 cxd4 18. Bxd4 Nd7 19. Qb2 f6 20. Rac1 Kf7 21. h3 Rab8 22. Rd2 Bc6 23. Bc3 Nc5 24. Rcd1 Rxd2 25. Rxd2 Ne4 26. Rd1 Rh8 27. Bf1 Ng5 28. Qb4 Ne4 29. Be1 Qe5 30. f3 Nc5 31. e4 g5 32. Qc3 Qxc3 33. Bxc3 e5 34. Bb4 Ke7 35. Kf2 Rc8 36. Bxc5+ bxc5 37. Rb1 Rd8 38. Ke3 g6 39. Bd3 Kd6 40. Kd2 Rf8 41. Kc3 f5 42. Re1 Ke6 43. Bc2 Rd8 44. Bd3 Kf6 45. Kd2 Rh8 46. Ke3 Ke6 47. Rb1 Rf8 48. Be2 Kd6 49. Rb2 Kc7 50. Rb1 Rf6 51. Bd3 Bd7 52. Kd2 Ra6 53. Ra1 Kd6 54. Kc3 Ke6 55. Bc2 Ke7 56. Bd3 Kf6 57. Kd2 Bc6 58. Ke3 Ra4 59. Kd2 Ra6 60. Ke3 Bd7 61. Kd2 Be6 62. Kc3 g4 63. exf5 gxf5 64. hxg4 fxg4 65. fxg4 Bxg4 66. Be4 Kg5 67. Bd5 Bf5 68. Re1 Kf6 69. Rf1 Kg5 70. Re1 Kf6 71. Rf1 Kg5 1/2-1/2

[Event "Baku Pashayeva Memorial Blitz"]
[Site "Baku"]
[Date "2025.03.05"]
[Round "3"]
[White "Aydin, Gulenay"]
[Black "Beydullayeva, Govhar"]
[Result "1/2-1/2"]
[WhiteElo "2265"]
[BlackElo "2400"]
[PlyCount "62"]
[EventDate "2025.03.05"]
[EventType "tourn (blitz)"]
[EventRounds "18"]
[EventCountry "AZE"]
[EventCategory "3"]
[SourceTitle "CB11_2025"]
[SourceDate "2025.03.12"]
[SourceVersion "1"]
[SourceVersionDate "2025.03.12"]
[SourceQuality "1"]

1. d4 d5 2. Nf3 c6 3. Bf4 h6 4. e3 Bf5 5. Bd3 Bxd3 6. Qxd3 e6 7. Nbd2 Bd6 8. Bxd6 Qxd6 9. e4 dxe4 10. Nxe4 Qe7 11. 0-0-0 Nd7 12. Qb3 0-0-0 13. Ne5 Ngf6 14. Nxf6 Qxf6 15. Nc4 Qe7 16. Rhe1 Nf6 17. f3 Qc7 18. Ne5 Rhf8 19. Qa3 Kb8 20. Rd3 Qd6 21. Qa4 Nd5 22. a3 Nb6 23. Qb3 f6 24. Nc4 Nxc4 25. Qxc4 Rfe8 26. g3 Qd5 27. Qxd5 exd5 28. Rde3 Rxe3 29. Rxe3 Kc7 30. Kd2 Kd7 31. Rb3 b6 1/2-1/2

[Event "Baku Pashayeva Memorial Blitz"]
[Site "Baku"]
[Date "2025.03.05"]
[Round "2"]
[White "Fataliyeva, Ulviyya Hasil Qizi"]
[Black "Beydullayeva, Govhar"]
[Result "1/2-1/2"]
[WhiteElo "2387"]
[BlackElo "2400"]
[PlyCount "152"]
[EventDate "2025.03.05"]
[EventType "tourn (blitz)"]
[EventRounds "18"]
[EventCountry "AZE"]
[EventCategory "3"]
[SourceTitle "CB11_2025"]
[SourceDate "2025.03.12"]
[SourceVersion "1"]
[SourceVersionDate "2025.03.12"]
[SourceQuality "1"]

1. c4 Nf6 2. Nf3 e6 3. g3 d5 4. Bg2 Be7 5. 0-0 0-0 6. d4 dxc4 7. Qc2 a6 8. a4 Bd7 9. Qxc4 Bc6 10. Bf4 Bd6 11. Qc1 Nbd7 12. a5 Rb8 13. Rd1 Bd5 14. Nc3 h6 15. Re1 Bxf4 16. Qxf4 c5 17. e4 cxd4 18. Nxd4 e5 19. Qd2 Bc6 20. Nf5 Nc5 21. Qc2 Qd3 22. Qxd3 Nxd3 23. Re2 Rfd8 24. Rd1 Nc5 25. Red2 Rxd2 26. Rxd2 Nb3 27. Rd6 Nxa5 28. b4 Nc4 29. Ne7+ Kh7 30. Nxc6 bxc6 31. Rxc6 Rxb4 32. Rxa6 Rb3 33. Nd1 Rb1 34. Bf3 Nd2 35. Be2 Ndxe4 36. Kg2 Rc1 37. Ne3 Rc3 38. h4 g6 39. Bf3 Kg7 40. Ra7 Rd3 41. Be2 Rd7 42. Ra4 Nc5 43. Ra5 Rc7 44. Bc4 Nfe4 45. Bd5 Nf6 46. Ba2 e4 47. g4 Nd3 48. g5 hxg5 49. hxg5 Nh5 50. Ra4 Nhf4+ 51. Kg3 Ne2+ 52. Kg2 Nc3 53. Rc4 Rxc4 54. Bxc4 Ne5 55. Bb3 Nb5 56. Bc2 Nd6 57. Kg3 Nf3 58. Kf4 Nd4 59. Bxe4 Ne6+ 60. Ke5 Nxe4 61. Kxe4 Nxg5+ 62. Kf4 Ne6+ 63. Kg4 Kf6 64. f4 Nd4 65. Nd5+ Ke6 66. Ne3 f6 67. Nc4 Kd5 68. Nb6+ Ke4 69. Nd7 f5+ 70. Kg5 Ne6+ 71. Kxg6 Nxf4+ 72. Kg5 Ne6+ 73. Kh4 f4 74. Nf6+ Ke3 75. Nd5+ Ke4 76. Nxf4 Kxf4 1/2-1/2

[Event "Baku Pashayeva Memorial Rapid"]
[Site "Baku"]
[Date "2025.03.04"]
[Round "9"]
[White "Yakubbaeva, Nilufar"]
[Black "Beydullayeva, Govhar"]
[Result "1/2-1/2"]
[WhiteElo "2179"]
[BlackElo "2400"]
[PlyCount "60"]
[EventDate "2025.03.02"]
[EventType "tourn (rapid)"]
[EventRounds "9"]
[EventCountry "AZE"]
[EventCategory "3"]
[SourceTitle "CB11_2025"]
[SourceDate "2025.03.12"]
[SourceVersion "1"]
[SourceVersionDate "2025.03.12"]
[SourceQuality "1"]

1. d4 Nf6 2. Nf3 d5 3. c4 e6 4. Nc3 Be7 5. e3 0-0 6. Be2 dxc4 7. Bxc4 a6 8. Bd3 b5 9. 0-0 Bb7 10. a3 c5 11. dxc5 Bxc5 12. b4 Bd6 13. Bb2 Qe7 14. e4 Nbd7 15. Qe2 Rfc8 16. Nb1 Ng4 17. Nbd2 Nge5 18. Rfd1 Rc7 19. Rac1 Rac8 20. Bb1 Rxc1 21. Rxc1 Rxc1+ 22. Bxc1 Nxf3+ 23. Nxf3 Ne5 24. Nxe5 Bxe5 25. Bb2 Qc7 26. Bxe5 Qxe5 27. Qd3 g6 28. h3 Kg7 29. f3 Qc7 30. Kf2 Qb6+ 1/2-1/2

[Event "AZE-ch (Women)"]
[Site "Baku"]
[Date "2025.02.12"]
[Round "3.3"]
[White "Fataliyeva, Ulviyya Hasil Qizi"]
[Black "Beydullayeva, Govhar"]
[Result "0-1"]
[WhiteElo "2381"]
[BlackElo "2404"]
[PlyCount "142"]
[EventDate "2025.02.04"]
[EventType "k.o."]
[EventRounds "4"]
[EventCountry "AZE"]
[SourceTitle "CB08_2025"]
[SourceDate "2025.02.19"]
[SourceVersion "1"]
[SourceVersionDate "2025.02.19"]
[SourceQuality "1"]

1. Nf3 d5 2. c4 c6 3. g3 g6 4. Qa4 d4 5. b4 Bg7 6. Bb2 e5 7. d3 Ne7 8. Bg2 0-0 9. 0-0 h6 10. Na3 Be6 11. Nc2 Nd7 12. Nd2 Qc7 13. f4 a5 14. fxe5 axb4 15. Qxb4 c5 16. Qb3 Nxe5 17. Ba3 Rab8 18. Qb1 b6 19. Qe1 Nf5 20. Rb1 Ng4 21. Bc1 Nfe3 22. Nxe3 Nxe3 23. Ne4 Nxg2 24. Kxg2 f5 25. Bf4 Qc6 26. Bxb8 Rxb8 27. Kg1 fxe4 28. Rf4 exd3 29. exd3 Bf5 30. Qe7 Ra8 31. g4 Rxa2 32. Qd8+ Kh7 33. Qd5 Qxd5 34. cxd5 Bxd3 35. Rxb6 Ra1+ 36. Kg2 Ra2+ 37. Kg1 Ra7 38. d6 Rd7 39. Rc6 g5 40. Rf3 c4 41. Kf2 Be4 42. Rc7 Rxd6 43. Rff7 Rg6 44. Rxc4 Rf6+ 45. Rxf6 Bxf6 46. Rc7+ Kg6 47. Rd7 Be5 48. Rd8 Kf7 49. h3 Ke7 50. Rc8 d3 51. Rc4 Bg6 52. Rc6 Bf6 53. Ke3 Kf7 54. Rc7+ Ke6 55. Rc6+ Ke7 56. Ra6 Kf7 57. Ra7+ Be7 58. Kd2 Ke6 59. Kc3 Bf6+ 60. Kd2 Be5 61. Ra6+ Bd6 62. Kc3 Kd5 63. Ra5+ Ke4 64. Ra6 Be5+ 65. Kd2 Bf4+ 66. Kd1 Bf7 67. Rb6 d2 68. Rb4+ Ke3 69. Rb7 Bd5 70. Re7+ Kf2 71. Re2+ Kg3 0-1

[Event "AZE-ch (Women)"]
[Site "Baku"]
[Date "2025.02.09"]
[Round "2.4"]
[White "Mamedjarova, Turkan"]
[Black "Beydullayeva, Govhar"]
[Result "1-0"]
[WhiteElo "2197"]
[BlackElo "2404"]
[PlyCount "121"]
[EventDate "2025.02.04"]
[EventType "k.o."]
[EventRounds "4"]
[EventCountry "AZE"]
[SourceTitle "CB08_2025"]
[SourceDate "2025.02.19"]
[SourceVersion "1"]
[SourceVersionDate "2025.02.19"]
[SourceQuality "1"]

1. e4 e5 2. Bc4 Nc6 3. Nf3 Nf6 4. d3 Bc5 5. c3 d6 6. b4 Bb6 7. a4 a5 8. b5 Ne7 9. h3 0-0 10. 0-0 c6 11. Ba3 Ng6 12. Re1 Re8 13. bxc6 bxc6 14. Qb3 d5 15. exd5 Rb8 16. Qc2 cxd5 17. Bb5 Bd7 18. Nbd2 Qc7 19. c4 Rbc8 20. Rac1 Bc5 21. Bxc5 Qxc5 22. Qc3 dxc4 23. Bxc4 Qb4 24. Qxb4 axb4 25. Ng5 Rf8 26. a5 h6 27. Nge4 Nxe4 28. Nxe4 Nf4 29. Rb1 Ra8 30. a6 Be6 31. Nc5 Bxc4 32. dxc4 Rfc8 33. Rxe5 Ne6 34. Nxe6 fxe6 35. Rxe6 Rxc4 36. Rb6 Ra7 37. Ra1 Kh7 38. Rb7 Ra8 39. a7 Rcc8 40. Rb1 Rc6 41. R1xb4 h5 42. Ra4 Rcc8 43. Ra6 Re8 44. Kh2 Rf8 45. Kg3 Rad8 46. Rab6 Ra8 47. f3 Rfd8 48. Ra6 Rac8 49. Kh4 Rc4+ 50. g4 hxg4 51. hxg4 Rcc8 52. f4 Rf8 53. Kg5 Rcd8 54. f5 Kh8 55. Rc7 Rfe8 56. Rb6 Ra8 57. Rbb7 Rg8 58. Kg6 Rgd8 59. Rxg7 Rxa7 60. Rh7+ Kg8 61. Rxa7 1-0

[Event "Wch Blitz (Women)"]
[Site "New York"]
[Date "2024.12.30"]
[Round "9"]
[White "Beydullayeva, Govhar"]
[Black "Yu, Jennifer R"]
[Result "0-1"]
[WhiteElo "2404"]
[BlackElo "2283"]
[PlyCount "116"]
[EventDate "2024.12.30"]
[EventType "swiss (blitz)"]
[EventRounds "11"]
[EventCountry "USA"]
[SourceTitle "CB01_2025"]
[SourceDate "2025.01.01"]
[SourceVersion "1"]
[SourceVersionDate "2025.01.01"]
[SourceQuality "1"]

1. Nf3 d5 2. d4 Nf6 3. c4 e6 4. Nc3 a6 5. cxd5 exd5 6. Bf4 Bd6 7. e3 Bxf4 8. exf4 0-0 9. Be2 c6 10. 0-0 Bf5 11. Ne5 h6 12. Rc1 Nbd7 13. Kh1 Ne8 14. g4 Bh7 15. f5 Nd6 16. Rg1 Re8 17. f4 Nf8 18. b3 f6 19. Nd3 h5 20. h3 hxg4 21. hxg4 Qe7 22. Bf3 Nd7 23. Kg2 g6 24. fxg6 Bxg6 25. f5 Bf7 26. Qd2 Qe3 27. Qxe3 Rxe3 28. Nf4 Rae8 29. Rh1 R3e7 30. Kf2 Ne4+ 31. Bxe4 dxe4 32. Ke3 Nb6 33. Rh2 Kg7 34. Rch1 Bg8 35. Rh6 Rf7 36. Ne6+ Rxe6 37. fxe6 Re7 38. R6h2 Nd5+ 39. Nxd5 cxd5 40. Rc1 Bxe6 41. Kf4 Kg6 42. Rhc2 Rh7 43. Kg3 Kg5 44. Rh2 Rxh2 45. Kxh2 Kxg4 46. Rc7 e3 47. Kg2 Bf5 48. Rxb7 Be4+ 49. Kf1 Kf3 50. Ke1 f5 51. b4 f4 52. b5 axb5 53. Rxb5 Kg2 54. Rb2+ Kg3 55. a4 f3 56. Rb3 f2+ 57. Ke2 Kg2 58. Rb1 Bxb1 0-1

[Event "Wch Blitz (Women)"]
[Site "New York"]
[Date "2024.12.30"]
[Round "1"]
[White "Zhukova, Natalia"]
[Black "Beydullayeva, Govhar"]
[Result "0-1"]
[WhiteElo "2302"]
[BlackElo "2404"]
[PlyCount "74"]
[EventDate "2024.12.30"]
[EventType "swiss (blitz)"]
[EventRounds "11"]
[EventCountry "USA"]
[SourceTitle "CB01_2025"]
[SourceDate "2025.01.01"]
[SourceVersion "1"]
[SourceVersionDate "2025.01.01"]
[SourceQuality "1"]

1. c4 Nf6 2. Nc3 e5 3. Nf3 Nc6 4. g3 d5 5. cxd5 Nxd5 6. Bg2 Bc5 7. 0-0 Nf6 8. d3 h6 9. a3 a5 10. Nb5 0-0 11. Nxe5 Nxe5 12. d4 c6 13. dxe5 Qxd1 14. Rxd1 Ng4 15. Nd4 Rd8 16. e3 Nxe5 17. h3 Be6 18. Bd2 Bxd4 19. exd4 Rxd4 20. Bc3 Rxd1+ 21. Rxd1 Nc4 22. g4 Rc8 23. Bf1 b6 24. Kh2 f6 25. Kg3 Re8 26. Rd4 Ne5 27. f4 Nd7 28. f5 Bd5 29. Bc4 Re3+ 30. Kf2 Rxh3 31. Bxd5+ cxd5 32. Rxd5 Nc5 33. Kg2 Re3 34. Rd6 Ne4 35. Rxb6 Nxc3 36. bxc3 Rxc3 37. a4 Rc4 0-1